00599nam a2200181Ia 4500008004100000020001500041041001200056082001100068100002000079245004400099250000800143260003700151300000900188650000700197942000700204999001700211952018900228221030s9999 xx 000 0 und d a8189928667 aEnglish a105.23 aP. K. Mukherjee 0aElectrical Machinescby P. K. Mukherjee a2nd bDhanpat Rai Pub.aNew Delhic201 a1022 aEE cBK c10188d10188 pBE 12511g265.00i751l0o105.23 eZigma, Jammur2024-06-13 00:00:00w2022-10-30yBK003Print4070aMIETLIBbMIETLIBcBL-Academic Block C, FL-2, CUP-111, SH-2, R-2d2012-02-1810HBE